00476nam a2200193Ia 4500003000400000005001700004008004100021020002200062040000700084041001200091082001700103100002100120245004500141260003700186300001400223365001300237650001400250650001800264OSt20250918173930.0210423s2012 xx 000 0 und d a978-81-8376-375-2 cAL aEnglish a305.4 bMAKW aRamesh H Makwana aWomen empowerment through panchayati raj aNew DelhibABDPublicationsc2012 ax,234bPB b895cINR aSociology aWomen Studies